Quizzes
Events
Quiz Creation
Community
Videos
Private Events
Remove Ads
Sign In
Join for FREE
Feedback
Dark Mode
Quiz Categories
Sports
Geography
Music
Movies
Television
Just For Fun
Miscellaneous
History
Literature
Language
Science
Gaming
Entertainment
Religion
Holiday
For Kids
Quiz Lab
Recent
Popular Today
Quiz Kudos Today
Editor Picks
Curator Picks
Quizzes by...
Day
Popularity
Type
Ratings
Length
Year
Community
Subscriptions
Recent Discussions
Orange Saloon
Badges
Playlists
Quests
Create
Leaderboards
Showdown
Live 5
Trivia Bingo
Activity
Puzzle Library
Sporcle Events
Private Events
Virtual Trivia
Globe League
Become a Host
Pub Owners
SporcleCon
Opinionation
Our Games
Videos
Blog
Mobile Apps
Partnerships
Remove Ads and Go Orange
Feedback
Gaming
Video Games
Board Games
Card Games
Pokémon
Mario
Nintendo
Minecraft
Console
Toys
Legend of Zelda
Gaming
Video Games
Board Games
Card Games
Pokémon
Mario
Nintendo
Minecraft
Console
Toys
Legend of Zelda
Random Quiz
Search Sporcle
×
Quiz Lab
Quiz Lab
Gaming
Type in answers that appear in a list
Type in answers that appear in a list
Classic
Best Score? Go Orange.
Hexen and Hexen Deathkings Levels Stats
Can you name the Hexen and Hexen Deathkings Levels?
By
Dilsher
12m
51 Questions
62 Plays
62 Plays
62 Plays
Comments
Comments
Give Quiz Kudos
Give Quiz Kudos
-
- Ratings
hide this ad
Replay
Link that replays current quiz
Next Quiz
Link to next quiz in quiz playlist
You Got
0%
They Got
Avg Score
69%
Avg Friend Score
Upgrade to see
Score Distribution
Jump to the score distribution portion of the page
Score
0/51
Timer
12:00
0
Plays Today
Game
Level Name
% Correct
Hexen
Winnowing Hall
90.3%
Hexen
Seven Portals
88.7%
Hexen
Guardian of Ice
88.7%
Hexen
Guardian of Steel
88.7%
Hexen
Guardian of Fire
87.1%
Hexen
Bright Crucible
83.9%
Hexen
Wolf Chapel
83.9%
Hexen
Darkmere
82.3%
Hexen
Dragon Chapel
82.3%
Hexen
Dark Crucible
82.3%
Hexen
Shadow Wood
80.6%
Hexen
Wastelands
80.6%
Hexen
Hypostyle
80.6%
Hexen
Necropolis
80.6%
Hexen
Caves of Circe
79%
Hexen
Heresiarch's Seminary
79%
Hexen
Griffin Chapel
79%
Hexen
Gibbet
79%
Hexen
Effluvium
77.4%
Hexen
Sacred Grove
75.8%
Hexen
Deathwind Chapel
75.8%
Hexen
Forsaken Outpost
75.8%
Hexen
Castle of Grief
75.8%
Hexen
Silent Refectory
74.2%
Hexen
Orchard of Lamentations
72.6%
Hexen
Dungeons
72.6%
Game
Level Name
% Correct
Hexen
Vivarium
71%
Hexen
Desolate Garden
67.7%
Hexen
Zedek's Tomb
67.7%
Hexen
Traductus' Tomb
66.1%
Hexen
Menelkir's Tomb
64.5%
Hexen Deathkings
Brackenwood
61.3%
Hexen Deathkings
Blight
59.7%
Hexen Deathkings
Ruined Village
58.1%
Hexen Deathkings
Sump
58.1%
Hexen Deathkings
Treasury
58.1%
Hexen Deathkings
Nave
58.1%
Hexen Deathkings
Pyre
56.5%
Hexen Deathkings
Ice Hold
56.5%
Hexen Deathkings
Dark Citadel
56.5%
Hexen Deathkings
Market Place
54.8%
Hexen Deathkings
Cloaca
54.8%
Hexen Deathkings
Abattoir
54.8%
Hexen Deathkings
Constable's Gate
53.2%
Hexen Deathkings
Locus Requiescat
53.2%
Hexen Deathkings
Armory
53.2%
Hexen Deathkings
Catacomb
51.6%
Hexen Deathkings
Ordeal
51.6%
Hexen Deathkings
Chantry
51.6%
Hexen Deathkings
Bad Lands
50%
Hexen Deathkings
Dark Watch
48.4%
Quiz Playlist
Details
Report
Send in Message
Add To Playlist
Classic:
Type in answers that appear in a list
Last Updated: Feb 16, 2017
Quiz Scoreboard
CHALLENGE
Sign Up to Join the Scoreboard
Show All
Scores
Hide
Comments
May contain spoilers
Recently Published
1-10 Letter E Words III
by El_Dandy
Language
2m
One Thing in Common: World Cities II
by knightlancer
Geography
7m
Popular People in 1961
by mucciniale
History
6m
More to Explore
Quiz From the Vault
Featured Blog Post
Where Did the Easter Bunny Come From?
hide this ad
You Might Also Like...
Tags
This quiz does not have any tags.
Today's Top Quizzes in Gaming
Browse Gaming
hide this ad
Top Contributed Quizzes in Gaming
1
Destiny 2 exotic weapons by perk icons
2
Who's on the WWE 2K24 Cover?
3
Windmill: Pokémon
4
Overwatch 2 Heroes by Selection Quote
5
Overwatch 2: Ultimate Ability Icons
6
Genshin Impact Logic Puzzle
7
Genshin murder mystery
8
Legendary or Exotic?
9
Overwatch Logic Puzzle
10
Franchise by Action Figure
Explore More
Trending Topics
Anime
Disney
Marvel
Crossword
Kpop
NBA
Harry Potter
NFL
Pokémon
WWE
Puzzle
Song
Soccer
The Office
Country
hide this ad
More By:
Dilsher
Quiz
Plays
Rating
Category
Featured
Created
Danganronpa (1-V3, UDG) Logic Minefield
10,534
3.93
Gaming
Mar 16, 2020
Teen Titans TV Series characters
4,831
4.73
Television
Jan 25, 2011
Australian Test Cricketers since 2000
2,138
5.00
Sports
Dec 20, 2013
Cartoon Theme Songs by Clips
1,102
3.60
Entertainment
Jun 17, 2014
Indian Test Cricketers since 2000
794
5.00
Sports
Jul 12, 2014
Go to Creator's Profile
Score Distribution
Quiz Creator Spotlight
Dilsher
Follow
Send a Message
Quizzes Created
-
Created Quiz Play Count
-
More By This Creator
Popular Quizzes Today
1
Find the US States - No Outlines Minefield
2
Find the Countries of Europe - No Outlines Minefield
3
The Countries of the World
4
Popular People in 1961
5
1-10 Letter E Words III
6
Find the US States
7
One Thing in Common: World Cities II
8
US States
More Gaming Quizzes
WoW BfA: Raids by Loading Screen
Quiz Lab
Trending Quizzes
Risky Map Clicking: Least Populous States A-Z
1-10 Letter F Words
1-10 Letter G Words
One Thing in Common: United Kingdom
Risky Map Clicking: Biggest States A-Z
Recently Updated
Leaping Animals
pecheneg
Reality TV Shows (A-Z)
bhenderson79
Rickey Henderson's Hall of Fame Teammates
pecheneg
Champions League XIs: Arsenal
pecheneg
Quick Pick: Celebrities in WWE's Hall of Fame
aduchscher
A-Z Keypad Blitz II
pecheneg
Multiple Oscar Actors
pecheneg
Mystery Phrase Blitz: Oscar 'Best Actors'
pecheneg
F. Scott Fitzgerald Novels
LTH
Pick 3 Villains
ddd62291
Trending Topics
Kpop
Harry Potter
Anime
Marvel
NBA
Disney
Crossword
WWE
The Office
NFL
Puzzle
Soccer
Country
Pokémon
Song
Your Account Isn't Verified!
In order to create a playlist on Sporcle, you need to verify the email address you used during registration. Go to your
Sporcle Settings
to finish the process.
Report this User
Report this user for behavior that violates our
Community Guidelines
.
Details:
Send Report
Go to the Sporcle.com Mobile Site →
Comments